Loading...
| Science - Other | 0 | 5 | 1 | 1 | 45 | 45 | 75.20 | 4 | 5 | 0.00 | 0.00 |
| Science - Physics | 0 | 4 | 1 | 0 | 35 | 42 | 75.75 | 3 | 4 | 0.00 | 0.00 |
| Science - Chemistry | 0 | 4 | 1 | 0 | 35 | 61 | 71.25 | 0 | 4 | 0.00 | 0.00 |
| Literature - British | 0 | 3 | 0 | 0 | 30 | 50 | 94.33 | 0 | 1 | 0.00 | 0.00 |
| Science - Biology | 0 | 3 | 0 | 1 | 30 | 61 | 96.33 | 1 | 2 | 0.00 | 0.00 |
| Philosophy | 0 | 3 | 1 | 0 | 25 | 75 | 86.00 | 1 | 3 | 0.00 | 0.00 |
| Mythology | 0 | 2 | 0 | 0 | 20 | 71 | 95.50 | 1 | 2 | 0.00 | 0.00 |
| Social Science | 0 | 2 | 1 | 0 | 15 | 63 | 83.50 | 1 | 2 | 0.00 | 0.00 |
| Literature - World | 0 | 1 | 0 | 0 | 10 | 161 | 161.00 | 0 | 0 | 0.00 | 0.00 |
| Literature - American | 0 | 1 | 0 | 0 | 10 | 105 | 105.00 | 0 | 1 | 0.00 | 0.00 |
| History - World | 0 | 1 | 0 | 0 | 10 | 73 | 73.00 | 1 | 1 | 0.00 | 0.00 |
| History - European | 0 | 1 | 0 | 0 | 10 | 61 | 61.00 | 0 | 1 | 0.00 | 0.00 |